[Event "Olimpiada Dresden 2008 Femenina"]
[Site "Dresden GER"]
[Date "2008.11.14"]
[Round "2.33"]
[White "Baptista, Ana Filipa"]
[Black "Wilson, Julie"]
[Result "1-0"]
[WhiteElo "2168"]
[BlackElo "1935"]
[PlyCount "75"]
[EventDate "2008.11.13"]
[EventType "team-tourn"]
[EventRounds "11"]
[EventCountry "GER"]
[Source "lmi"]
[SourceDate "2008.11.13"]
[WhiteTeam "Portugal"]
[BlackTeam "Gales"]
[WhiteTeamCountry "POR"]
[BlackTeamCountry "WLS"]

1. e4 c5 2. Nf3 Nc6 3. d4 cxd4 4. Nxd4 g6 5. c4 Bg7 6. Be3 Nf6 7. Nc3 d6 8. Be2
O-O 9. O-O Bd7 10. Nc2 Rc8 11. Qd2 Ne5 12. Bxa7 Nxc4 13. Bxc4 Rxc4 14. Ne3 Rc6
15. Ned5 e6 16. Nxf6+ Qxf6 17. Be3 Qe7 18. Bd4 f6 19. f4 Bh6 20. Qd3 e5 21. Nd5
Qe6 22. Be3 f5 23. exf5 Rxf5 24. fxe5 Bxe3+ 25. Nxe3 Rxe5 26. Rf3 Rcc5 27. Rd1
Bc6 28. Rg3 Bb5 29. Qd2 d5 30. h3 Bc6 31. b4 Rb5 32. a4 Rb6 33. b5 Bxb5 34.
axb5 Rxb5 35. Ng4 Re2 36. Qc3 Rbb2 37. Nh6+ Kf8 38. Rf1+ 1-0

[Event "Olimpiada Dresden 2008 Femenina"]
[Site "Dresden GER"]
[Date "2008.11.14"]
[Round "2.34"]
[White "Colombo, Camila"]
[Black "Steinbacher, Claudia"]
[Result "1-0"]
[WhiteElo "2071"]
[BlackElo "2203"]
[PlyCount "69"]
[EventDate "2008.11.13"]
[EventType "team-tourn"]
[EventRounds "11"]
[EventCountry "GER"]
[Source "lmi"]
[SourceDate "2008.11.13"]
[WhiteTeam "Uruguay"]
[BlackTeam "Alemania"]
[WhiteTeamCountry "URU"]
[BlackTeamCountry "GER"]

1. d4 d5 2. c4 c6 3. Nc3 e6 4. e4 dxe4 5. Nxe4 Nf6 6. Nxf6+ Qxf6 7. Nf3 Nd7 8.
a3 h6 9. Be2 Bd6 10. O-O O-O 11. Bd2 Qd8 12. Bc3 c5 13. Qc2 Qc7 14. dxc5 Bxc5
15. b4 Be7 16. Nd4 a6 17. Qb3 Nf6 18. Rad1 Bd7 19. Nf3 Rad8 20. Be5 Qc8 21. Nd4
Ne8 22. Qg3 f6 23. Bf4 e5 24. Bxh6 exd4 25. Bh5 Bd6 26. f4 Kh8 27. Bxe8 gxh6
28. Qg6 Bxe8 29. Qxh6+ Kg8 30. Rd3 Kf7 31. Qh7+ Ke6 32. f5+ Ke5 33. Re1+ Kf4
34. Rf3+ Kg5 35. Qg7+ 1-0

[Event "Olimpiada Dresden 2008 Femenina"]
[Site "Dresden GER"]
[Date "2008.11.14"]
[Round "2.34"]
[White "Beltz, Franziska"]
[Black "Silva, Natalia"]
[Result "1-0"]
[WhiteElo "2109"]
[BlackElo "2029"]
[PlyCount "80"]
[EventDate "2008.11.13"]
[EventType "team-tourn"]
[EventRounds "11"]
[EventCountry "GER"]
[Source "lmi"]
[SourceDate "2008.11.13"]
[WhiteTeam "Alemania"]
[BlackTeam "Uruguay"]
[WhiteTeamCountry "GER"]
[BlackTeamCountry "URU"]

1. e4 c5 2. Nf3 e6 3. d4 cxd4 4. Nxd4 a6 5. Nc3 Qc7 6. Bd3 Nc6 7. Nb3 b5 8. O-O
Bb7 9. Kh1 Nf6 10. f4 d6 11. Qe2 h5 12. Rf3 Ng4 13. Bd2 Be7 14. a4 b4 15. Na2
a5 16. c3 Bf6 17. Bb5 Kf8 18. cxb4 axb4 19. Nxb4 Nd4 20. Nxd4 Bxd4 21. Rc1 Qb6
22. Be1 Be3 23. Rc3 Bc5 24. Rc2 Ne3 25. Rxc5 dxc5 26. Qxe3 f5 27. Rg3 Bxe4 28.
Bc3 Rh7 29. h3 Qd6 30. Nd3 Rc8 31. Ne5 Qd5 32. Bc4 Qd1+ 33. Kh2 Ke7 34. Rg6 Bd5
35. Bb5 Qb3 36. Qg3 Rg8 37. Qg5+ Kd6 38. Nf7+ Kc7 39. Qe7+ Kb6 40. Qd6+ Kb7 1-0

[Event "Olimpiada Dresden 2008 Femenina"]
[Site "Dresden GER"]
[Date "2008.11.14"]
[Round "2.34"]
[White "De Leon, Patricia"]
[Black "Ulms, Sandra"]
[Result "0-1"]
[WhiteElo "1748"]
[BlackElo "2160"]
[PlyCount "80"]
[EventDate "2008.11.13"]
[EventType "team-tourn"]
[EventRounds "11"]
[EventCountry "GER"]
[Source "lmi"]
[SourceDate "2008.11.13"]
[WhiteTeam "Uruguay"]
[BlackTeam "Alemania"]
[WhiteTeamCountry "URU"]
[BlackTeamCountry "GER"]

1. d4 Nf6 2. c4 g6 3. Nc3 Bg7 4. e4 d6 5. f3 O-O 6. Be3 a6 7. Qd2 c6 8. Bd3 b5
9. cxb5 axb5 10. b4 Na6 11. Rb1 Nc7 12. Nge2 d5 13. e5 Nd7 14. Bh6 Nb6 15. h4
f6 16. h5 g5 17. Bxg5 fxe5 18. Bh6 exd4 19. Bxg7 Kxg7 20. Qg5+ Kh8 21. Qe5+ Rf6
22. Qxd4 Ne6 23. Qe3 Nc4 24. Bxc4 bxc4 25. Nd4 Nxd4 26. Qxd4 Qd6 27. Kf2 e5 28.
Qd2 Bf5 29. Rbe1 d4 30. Ne4 Bxe4 31. Rxe4 c3 32. Qc2 Qd5 33. Qd3 Rxa2+ 34. Kg3
Rf8 35. Rhe1 Rg8+ 36. Kh3 Rgxg2 37. Rxe5 Rh2+ 38. Kg4 Rag2+ 39. Kf4 Rh4+ 40.
Kf5 Qf7# 0-1

[Event "Olimpiada Dresden 2008 Femenina"]
[Site "Dresden GER"]
[Date "2008.11.14"]
[Round "2.34"]
[White "Osmanodja, Filiz"]
[Black "Donatti, Sofia"]
[Result "0-1"]
[WhiteElo "1939"]
[BlackElo "1678"]
[PlyCount "88"]
[EventDate "2008.11.13"]
[EventType "team-tourn"]
[EventRounds "11"]
[EventCountry "GER"]
[Source "lmi"]
[SourceDate "2008.11.13"]
[WhiteTeam "Alemania"]
[BlackTeam "Uruguay"]
[WhiteTeamCountry "GER"]
[BlackTeamCountry "URU"]

1. e4 c5 2. Nf3 Nc6 3. d4 cxd4 4. Nxd4 Nf6 5. Nc3 e5 6. Ndb5 d6 7. Bg5 a6 8.
Na3 b5 9. Nd5 Be7 10. Bxf6 Bxf6 11. c3 O-O 12. Nc2 Bg5 13. a4 bxa4 14. Rxa4 f5
15. exf5 Rxf5 16. Nde3 Rf8 17. Qd5+ Kh8 18. Nc4 Qf6 19. f3 Bb7 20. Qxd6 Qf7 21.
Be2 Rad8 22. Qa3 Be7 23. b4 Qg6 24. N4e3 e4 25. O-O Rd2 26. Bd1 Ne5 27. f4 Nc4
28. Qc1 Bh4 29. Bg4 Rxc2 30. Nxc2 Qxg4 31. Ne3 Nxe3 32. Qxe3 Bd8 33. Qa7 Bc6
34. Ra2 Bb5 35. Re1 Qe6 36. Qf2 Bb6 37. Re3 Bxe3 38. Qxe3 Qxa2 39. Qc5 Qa1+ 40.
Kf2 Qf1+ 41. Ke3 Qxf4+ 42. Kd4 e3+ 43. Kd5 Rf5+ 44. Ke6 Rxc5 0-1

[Event "Olimpiada Dresden 2008 Femenina"]
[Site "Dresden GER"]
[Date "2008.11.14"]
[Round "2.35"]
[White "Segarra Choer, Tammy"]
[Black "Baklanova, Tatiana"]
[Result "0-1"]
[WhiteElo "1819"]
[BlackElo "2231"]
[PlyCount "66"]
[EventDate "2008.11.13"]
[EventType "team-tourn"]
[EventRounds "11"]
[EventCountry "GER"]
[Source "lmi"]
[SourceDate "2008.11.13"]
[WhiteTeam "Puerto Rico"]
[BlackTeam "Ucrania"]
[WhiteTeamCountry "PUR"]
[BlackTeamCountry "UKR"]

1. d4 f5 2. Nc3 d5 3. g3 Nf6 4. Bg2 e6 5. Nh3 c5 6. O-O cxd4 7. Qxd4 Nc6 8. Qd1
Be7 9. Kh1 O-O 10. Nf4 d4 11. Nb5 e5 12. Nh3 Be6 13. c3 a6 14. Na3 Bd5 15. cxd4
Nxd4 16. Be3 Bxg2+ 17. Kxg2 Qd5+ 18. f3 Rfd8 19. Bxd4 Qxd4 20. Qb3+ Qd5 21.
Rfd1 Qxb3 22. axb3 Nd5 23. Nc4 Bc5 24. e4 fxe4 25. Rxd5 exf3+ 26. Kxf3 Rxd5 27.
Re1 b5 28. Rxe5 Rxe5 29. Nxe5 Re8 30. Ng4 h5 31. Ngf2 Re3+ 32. Kf4 Rxb3 33. Ne4
Bd4 0-1

[Event "Olimpiada Dresden 2008 Femenina"]
[Site "Dresden GER"]
[Date "2008.11.14"]
[Round "2.35"]
[White "Ryvova, Anna"]
[Black "Sanchez Rodriguez, Wilmairi"]
[Result "1-0"]
[WhiteElo "2009"]
[BlackElo "1773"]
[PlyCount "82"]
[EventDate "2008.11.13"]
[EventType "team-tourn"]
[EventRounds "11"]
[EventCountry "GER"]
[Source "lmi"]
[SourceDate "2008.11.13"]
[WhiteTeam "Chequia"]
[BlackTeam "Puerto Rico"]
[WhiteTeamCountry "CZE"]
[BlackTeamCountry "PUR"]

1. e4 c5 2. Nf3 d6 3. Bb5+ Bd7 4. Bxd7+ Qxd7 5. O-O Nc6 6. c3 Nf6 7. Re1 Qc7 8.
d4 cxd4 9. cxd4 Nd7 10. Nc3 e6 11. d5 Nce5 12. Nd4 Nc5 13. f4 Ned3 14. Re2 e5
15. fxe5 Nxe5 16. Be3 a6 17. Rc1 Qd8 18. Qf1 Rc8 19. Nf5 Ncd3 20. Rd1 Qd7 21.
Red2 Nxb2 22. Rxb2 Rxc3 23. Bd4 Rc8 24. Rdb1 b5 25. a4 g6 26. Ne3 Bh6 27. Qe2
Bxe3+ 28. Qxe3 Nc4 29. Qh6 Nxb2 30. Bxh8 Nxa4 31. Bf6 Qa7+ 32. Kh1 Kd7 33. Qxh7
Kc7 34. Qxf7+ Kb8 35. Qxg6 Qe3 36. h4 Nc5 37. Bg5 Qxe4 38. Qxd6+ Ka8 39. Rc1
Qb4 40. Be7 a5 41. Rxc5 Rxc5 1-0

[Event "Olimpiada Dresden 2008 Femenina"]
[Site "Dresden GER"]
[Date "2008.11.14"]
[Round "2.35"]
[White "Pacheco, Hilzandryly"]
[Black "Gerasimova, Olga"]
[Result "0-1"]
[WhiteElo "1952"]
[BlackElo "2316"]
[PlyCount "58"]
[EventDate "2008.11.13"]
[EventType "team-tourn"]
[EventRounds "11"]
[EventCountry "GER"]
[Source "lmi"]
[SourceDate "2008.11.13"]
[WhiteTeam "Puerto Rico"]
[BlackTeam "Rusia"]
[WhiteTeamCountry "PUR"]
[BlackTeamCountry "RUS"]

1. d4 d5 2. Nf3 Nf6 3. Bf4 e6 4. Nbd2 c5 5. e3 Nc6 6. c3 Be7 7. Ne5 O-O 8. h3
Nd7 9. Nxc6 bxc6 10. Bd3 Bf6 11. h4 cxd4 12. cxd4 Re8 13. Qc2 Bb7 14. Bxh7+ Kh8
15. h5 Rc8 16. b4 e5 17. dxe5 Nxe5 18. Rb1 d4 19. Bf5 Ra8 20. O-O Ba6 21. Rfd1
Be2 22. Bxe5 Bxd1 23. Rxd1 Bxe5 24. exd4 Qxd4 25. Ne4 Qxb4 26. Qxc6 Rad8 27.
Rc1 Qb6 28. Qa4 Qh6 29. Rd1 Qxh5 0-1

[Event "Olimpiada Dresden 2008 Femenina"]
[Site "Dresden GER"]
[Date "2008.11.14"]
[Round "2.36"]
[White "Kagramanov, Dina"]
[Black "Trejos PÃ©rez, Shirley Patricia"]
[Result "1-0"]
[WhiteElo "2118"]
[BlackElo "2052"]
[PlyCount "84"]
[EventDate "2008.11.13"]
[EventType "team-tourn"]
[EventRounds "11"]
[EventCountry "GER"]
[Source "lmi"]
[SourceDate "2008.11.13"]
[WhiteTeam "Canadá"]
[BlackTeam "Costa Rica"]
[WhiteTeamCountry "CAN"]
[BlackTeamCountry "CRI"]

1. e4 c5 2. Nf3 d6 3. Bb5+ Bd7 4. Bxd7+ Nxd7 5. O-O Ngf6 6. Qe2 g6 7. c3 Bg7 8.
d4 Qc7 9. Re1 O-O 10. e5 dxe5 11. dxe5 Nd5 12. e6 N7f6 13. exf7+ Rxf7 14. Ng5
Rff8 15. Ne6 Qd6 16. Nxf8 Rxf8 17. Na3 Qd7 18. h3 a6 19. Nc4 b5 20. Ne5 Qb7 21.
Nf3 Nh5 22. Qe4 Qd7 23. Bg5 Nhf6 24. Qh4 Qf5 25. Re2 Nh5 26. Qg4 Nhf4 27. Bxf4
Nxf4 28. Rxe7 Nxh3+ 29. gxh3 Qxf3 30. Qxf3 Rxf3 31. Kg2 Rf8 32. Rd1 a5 33. Rd5
Rc8 34. Rdd7 Bf6 35. Rxh7 b4 36. Rc7 Rxc7 37. Rxc7 bxc3 38. bxc3 Bxc3 39. Rxc5
Bb4 40. Rc7 Bd2 41. a4 g5 42. Kf3 Bf4 1-0

[Event "Olimpiada Dresden 2008 Femenina"]
[Site "Dresden GER"]
[Date "2008.11.14"]
[Round "2.37"]
[White "Boric, Elena"]
[Black "Wijesuriya, G V."]
[Result "1-0"]
[WhiteElo "2292"]
[BlackElo "1937"]
[PlyCount "75"]
[EventDate "2008.11.13"]
[EventType "team-tourn"]
[EventRounds "11"]
[EventCountry "GER"]
[Source "lmi"]
[SourceDate "2008.11.13"]
[WhiteTeam "Bosnia Herzegovina"]
[BlackTeam "Sri Lanka"]
[WhiteTeamCountry "BIH"]
[BlackTeamCountry "SRI"]

1. e4 c5 2. Nf3 d6 3. d4 cxd4 4. Qxd4 Nc6 5. Bb5 Bd7 6. Bxc6 Bxc6 7. c4 Nf6 8.
Nc3 g6 9. O-O Bg7 10. Qd3 O-O 11. Nd4 Bd7 12. b3 Rc8 13. Bb2 Ng4 14. Rad1 a6
15. Qe2 Rc5 16. h3 Nf6 17. f4 Qc8 18. Rf3 Rh5 19. e5 dxe5 20. fxe5 Ne8 21. Nd5
Qd8 22. e6 Bc8 23. exf7+ Rxf7 24. Ne6 Bxe6 25. Nf6+ Rxf6 26. Rxd8 Rxf3 27.
Qxe6+ Rf7 28. Bxg7 Kxg7 29. Rxe8 Rhf5 30. Rxe7 Rf1+ 31. Kh2 R1f6 32. Rxf7+ Rxf7
33. b4 Rf6 34. Qe5 h6 35. c5 g5 36. a4 Kg6 37. Qe4+ Rf5 38. g4 1-0

[Event "Olimpiada Dresden 2008 Femenina"]
[Site "Dresden GER"]
[Date "2008.11.14"]
[Round "2.37"]
[White "Walallawita, Lihini"]
[Black "Dengler, Dijana"]
[Result "1-0"]
[WhiteElo "1818"]
[BlackElo "2099"]
[PlyCount "76"]
[EventDate "2008.11.13"]
[EventType "team-tourn"]
[EventRounds "11"]
[EventCountry "GER"]
[Source "lmi"]
[SourceDate "2008.11.13"]
[WhiteTeam "Sri Lanka"]
[BlackTeam "Bosnia Herzegovina"]
[WhiteTeamCountry "SRI"]
[BlackTeamCountry "BIH"]

1. e4 e6 2. d4 d5 3. Nd2 Nf6 4. e5 Nfd7 5. Bd3 c5 6. c3 Nc6 7. Ne2 Qb6 8. Nf3
cxd4 9. cxd4 f6 10. exf6 Nxf6 11. O-O Bd6 12. Re1 O-O 13. Nf4 Ne4 14. Bxe4 Bxf4
15. Bc2 Bxc1 16. Rxc1 Qxb2 17. Qd3 g6 18. Rb1 Qxa2 19. Ng5 Nxd4 20. Qh3 h5 21.
Bxg6 Qxf2+ 22. Kh1 h4 23. Qg4 Rf4 24. Qh5 e5 25. Qh6 Be6 26. Qh7+ Kf8 27. Nxe6+
Nxe6 28. Qh8+ Ke7 29. Qxa8 h3 30. Rg1 Kf6 31. Bh5 Qc2 32. Rbe1 Rf2 33. Qh8+ Ke7
34. Qxe5 Qc6 35. Bg4 hxg2+ 36. Rxg2 Rxg2 37. Kxg2 d4+ 38. Kg1 d3 1-0

[Event "Olimpiada Dresden 2008 Femenina"]
[Site "Dresden GER"]
[Date "2008.11.14"]
[Round "2.37"]
[White "Dedijer, Sanja"]
[Black "Perera, Anjana"]
[Result "1-0"]
[WhiteElo "2049"]
[BlackElo "1830"]
[PlyCount "87"]
[EventDate "2008.11.13"]
[EventType "team-tourn"]
[EventRounds "11"]
[EventCountry "GER"]
[Source "lmi"]
[SourceDate "2008.11.13"]
[WhiteTeam "Bosnia Herzegovina"]
[BlackTeam "Sri Lanka"]
[WhiteTeamCountry "BIH"]
[BlackTeamCountry "SRI"]

1. d4 Nf6 2. c4 e6 3. Nf3 d5 4. g3 c5 5. Bg2 cxd4 6. Nxd4 Qa5+ 7. Nd2 Bb4 8.
cxd5 Nxd5 9. O-O Bd7 10. e4 Nf6 11. Nc4 Qc7 12. Qb3 Bc5 13. Bf4 Qc8 14. Nb5
Bxb5 15. Qxb5+ Qc6 16. Qb3 Nbd7 17. Na5 Qb6 18. Qxb6 axb6 19. Nxb7 Bd4 20. Nd6+
Ke7 21. e5 Nd5 22. Bxd5 Ra5 23. Bb3 Nxe5 24. Bxe5 Rxe5 25. Nc4 Re2 26. Rae1
Rxe1 27. Rxe1 b5 28. Na3 Rd8 29. Nxb5 Bxb2 30. Re2 Bc1 31. Rc2 Bd2 32. Na7 Kf6
33. Nb5 Ba5 34. Nc3 Rd4 35. Ne2 Rd7 36. Kg2 Bb4 37. Nc3 Rd4 38. Nb5 Rd7 39. h3
Ba5 40. Na3 h6 41. Nc4 Bb4 42. Ba4 Ra7 43. Bb5 Rb7 44. a4 1-0

[Event "Olimpiada Dresden 2008 Femenina"]
[Site "Dresden GER"]
[Date "2008.11.14"]
[Round "2.37"]
[White "Thilakawardana, Supeshala"]
[Black "Dedijer, Mira"]
[Result "1/2-1/2"]
[WhiteElo "1815"]
[BlackElo "1999"]
[PlyCount "83"]
[EventDate "2008.11.13"]
[EventType "team-tourn"]
[EventRounds "11"]
[EventCountry "GER"]
[Source "lmi"]
[SourceDate "2008.11.13"]
[WhiteTeam "Sri Lanka"]
[BlackTeam "Bosnia Herzegovina"]
[WhiteTeamCountry "SRI"]
[BlackTeamCountry "BIH"]

1. d4 d5 2. c4 dxc4 3. Nc3 e5 4. Qa4+ Bd7 5. Qxc4 exd4 6. Qxd4 Nc6 7. Qd1 Nf6
8. Bf4 Bc5 9. Nf3 O-O 10. e3 h6 11. Bb5 Bb6 12. O-O a6 13. Ba4 Qe7 14. h3 Rad8
15. Qe2 Nb4 16. Bxd7 Rxd7 17. Ne5 Rdd8 18. Qc4 Nbd5 19. Nxd5 Nxd5 20. Rfd1 Nxf4
21. Qxf4 c6 22. Nf3 Bc7 23. Qc4 Rxd1+ 24. Rxd1 Rd8 25. Rd4 Rxd4 26. Qxd4 Qd6
27. Qxd6 Bxd6 28. Kf1 Kf8 29. Ke2 Ke7 30. Kd3 Ke6 31. Ke4 f5+ 32. Kd3 c5 33.
Nd2 b5 34. b3 Kd5 35. g4 Ke6 36. f3 g6 37. Nb1 h5 38. gxf5+ gxf5 39. a4 bxa4
40. bxa4 Be5 41. Kc4 Kd6 42. Nd2 1/2-1/2

[Event "Olimpiada Dresden 2008 Femenina"]
[Site "Dresden GER"]
[Date "2008.11.14"]
[Round "2.38"]
[White "Ushenina, Anna"]
[Black "Ghader Pour, Shayesteh"]
[Result "1-0"]
[WhiteElo "2496"]
[BlackElo "2149"]
[PlyCount "131"]
[EventDate "2008.11.13"]
[EventType "team-tourn"]
[EventRounds "11"]
[EventCountry "GER"]
[Source "lmi"]
[SourceDate "2008.11.13"]
[WhiteTeam "Ucrania"]
[BlackTeam "Irán"]
[WhiteTeamCountry "UKR"]
[BlackTeamCountry "IRI"]

1. d4 Nf6 2. Nf3 d5 3. c4 e6 4. Nc3 Bb4 5. cxd5 exd5 6. Bg5 O-O 7. e3 Re8 8.
Bd3 Nbd7 9. O-O c6 10. Qc2 Nf8 11. Ne5 Be7 12. Rab1 N6d7 13. Bxe7 Qxe7 14. Nf3
Nf6 15. b4 b6 16. Na4 Bb7 17. Rfc1 Ng6 18. Bf5 Ne4 19. Nc3 Nd6 20. b5 c5 21.
Bh3 c4 22. g3 Qc7 23. Bg2 f5 24. a4 Ne4 25. Nd2 Qd6 26. Re1 Re7 27. Ndxe4 fxe4
28. f3 exf3 29. Bxf3 Rae8 30. Qf2 Nf8 31. Bh5 g6 32. Bg4 Nd7 33. Rf1 Rf8 34.
Bf3 Nf6 35. Bg2 Kg7 36. Rbe1 Rfe8 37. Qf3 Ne4 38. Nxe4 dxe4 39. Qe2 c3 40. Rc1
Rc7 41. Rc2 Bd5 42. Rfc1 Qb4 43. Qe1 Qxa4 44. Rxc3 Rxc3 45. Rxc3 Qxb5 46. Rc7+
Bf7 47. Bf1 Qg5 48. Qc3 Qf6 49. Rxa7 Re7 50. Rxe7 Qxe7 51. Qc6 Qe6 52. Qb7 Qd5
53. Qe7 Qe6 54. Qc7 Kg8 55. Bg2 Be8 56. Qf4 Bc6 57. Qb8+ Kg7 58. Qxb6 Kf8 59.
Bf1 Qd7 60. Bc4 Bb7 61. Qf6+ Ke8 62. Qh8+ Ke7 63. Qxh7+ Kd8 64. Qxg6 Qa4 65.
Qd6+ Ke8 66. Qb8+ 1-0

[Event "Olimpiada Dresden 2008 Femenina"]
[Site "Dresden GER"]
[Date "2008.11.14"]
[Round "2.38"]
[White "Salman Mahini, Mona"]
[Black "Zdebskaja, Natalia"]
[Result "0-1"]
[WhiteElo "2113"]
[BlackElo "2419"]
[PlyCount "58"]
[EventDate "2008.11.13"]
[EventType "team-tourn"]
[EventRounds "11"]
[EventCountry "GER"]
[Source "lmi"]
[SourceDate "2008.11.13"]
[WhiteTeam "Irán"]
[BlackTeam "Ucrania"]
[WhiteTeamCountry "IRI"]
[BlackTeamCountry "UKR"]

1. e4 c5 2. Nf3 d6 3. d4 cxd4 4. Nxd4 Nf6 5. Nc3 a6 6. Bg5 e6 7. f4 Qc7 8. Qf3
b5 9. O-O-O b4 10. e5 Bb7 11. Qh3 dxe5 12. Ncb5 axb5 13. Bxb5+ Bc6 14. fxe5
Bxb5 15. exf6 Rxa2 16. Nxb5 Ra1+ 17. Kd2 Rxd1+ 18. Rxd1 Qe5 19. c4 Qxg5+ 20.
Kc2 Na6 21. Kb3 Qxf6 22. Qg3 e5 23. Qg4 Qc6 24. Rd5 Nc5+ 25. Kxb4 Ne6+ 26. Kb3
Be7 27. Rxe5 O-O 28. Qe2 Bf6 29. Re3 Rb8 0-1

[Event "Olimpiada Dresden 2008 Femenina"]
[Site "Dresden GER"]
[Date "2008.11.14"]
[Round "2.39"]
[White "Perena, Catherine"]
[Black "Dembo, Yelena"]
[Result "0-1"]
[WhiteElo "2210"]
[BlackElo "2446"]
[PlyCount "132"]
[EventDate "2008.11.13"]
[EventType "team-tourn"]
[EventRounds "11"]
[EventCountry "GER"]
[Source "lmi"]
[SourceDate "2008.11.13"]
[WhiteTeam "Filipinas"]
[BlackTeam "Grecia"]
[WhiteTeamCountry "PHI"]
[BlackTeamCountry "GRE"]

1. d4 Nf6 2. c4 g6 3. Nf3 Bg7 4. g3 O-O 5. Bg2 d6 6. O-O Nc6 7. Nc3 Bf5 8. Nh4
Bd7 9. h3 Qc8 10. g4 h5 11. Bxc6 bxc6 12. f3 Nh7 13. Qd3 e5 14. d5 Qd8 15. Ng2
cxd5 16. cxd5 f5 17. gxh5 gxh5 18. f4 Kh8 19. Qf3 Qe8 20. Be3 Rg8 21. Rac1 Bf6
22. Kh1 Qf7 23. Rg1 a6 24. Bf2 e4 25. Qe3 Qe7 26. Nd1 Rac8 27. Qd2 Rg7 28. Nde3
Nf8 29. b3 Ng6 30. Qa5 Qd8 31. Rc2 c5 32. Qxa6 Ra8 33. Qc4 Qb6 34. Rd2 Rag8 35.
Qc1 Qd8 36. Nc4 Bc8 37. Rdd1 Bb7 38. a4 Qd7 39. Qd2 Ba6 40. Nb6 Qb7 41. a5 Qf7
42. Rc1 Bb7 43. b4 cxb4 44. Qxb4 Ba6 45. Qd2 Kh7 46. Rc6 Bb5 47. Rc8 Bd8 48.
Rcc1 Bf6 49. Rb1 Ba6 50. Rbc1 Bb5 51. Qa2 Qb7 52. Qc2 Qf7 53. Qa2 Qb7 54. Rb1
Qa6 55. Qa3 Bxe2 56. Qxd6 Qd3 57. Kh2 Qf3 58. Qxf6 Ne7 59. Qxg7+ Rxg7 60. Bh4
Ng6 61. Bg5 Qf2 62. d6 Nxf4 63. Bxf4 Bf3 64. Rb2 Qxb2 65. Bg3 h4 66. d7 Rxg3
0-1

[Event "Olimpiada Dresden 2008 Femenina"]
[Site "Dresden GER"]
[Date "2008.11.14"]
[Round "2.39"]
[White "Botsari, Anna-Maria"]
[Black "Cua, Shercila"]
[Result "1-0"]
[WhiteElo "2308"]
[BlackElo "2154"]
[PlyCount "67"]
[EventDate "2008.11.13"]
[EventType "team-tourn"]
[EventRounds "11"]
[EventCountry "GER"]
[Source "lmi"]
[SourceDate "2008.11.13"]
[WhiteTeam "Grecia"]
[BlackTeam "Filipinas"]
[WhiteTeamCountry "GRE"]
[BlackTeamCountry "PHI"]

1. d4 d5 2. c4 c6 3. Nf3 Nf6 4. Nbd2 Bf5 5. Nh4 Bg4 6. h3 Bh5 7. g4 Bg6 8. Nxg6
hxg6 9. Bg2 Nbd7 10. cxd5 Nxd5 11. Nc4 Qc7 12. Qb3 e6 13. O-O Be7 14. Bd2 Rc8
15. Rac1 g5 16. Na5 N7b6 17. e4 Nf4 18. Bxf4 gxf4 19. d5 exd5 20. exd5 f3 21.
Bxf3 Rxh3 22. d6 Rxf3 23. Qxf3 Bxd6 24. Qh3 Nd5 25. Rfe1+ Be7 26. Nc4 f6 27.
Re4 Kf7 28. g5 Nf4 29. Qf5 Ng6 30. Rce1 Rh8 31. Rxe7+ Nxe7 32. Qe6+ Kg6 33. Nd6
Nd5 34. Qf5+ 1-0

[Event "Olimpiada Dresden 2008 Femenina"]
[Site "Dresden GER"]
[Date "2008.11.14"]
[Round "2.39"]
[White "Camacho, Chardine Cheradee"]
[Black "Makropoulou, Marina"]
[Result "1/2-1/2"]
[WhiteElo "2100"]
[BlackElo "2265"]
[PlyCount "134"]
[EventDate "2008.11.13"]
[EventType "team-tourn"]
[EventRounds "11"]
[EventCountry "GER"]
[Source "lmi"]
[SourceDate "2008.11.13"]
[WhiteTeam "Filipinas"]
[BlackTeam "Grecia"]
[WhiteTeamCountry "PHI"]
[BlackTeamCountry "GRE"]

1. e4 e5 2. Nf3 Nc6 3. d4 exd4 4. Bc4 Bc5 5. c3 Nf6 6. cxd4 Bb4+ 7. Bd2 Bxd2+
8. Nbxd2 d5 9. exd5 Nxd5 10. O-O O-O 11. Qb3 Na5 12. Qa4 Nxc4 13. Qxc4 Be6 14.
Qc5 a5 15. Rac1 h6 16. a3 Nf4 17. Rc2 c6 18. Qe5 Ng6 19. Qg3 Re8 20. Rc3 Bd5
21. h4 Qf6 22. Re3 Qf4 23. Rfe1 Rxe3 24. Rxe3 Qxg3 25. fxg3 Kf8 26. Kf2 Rd8 27.
h5 Ne7 28. g4 Be6 29. Kg3 Nd5 30. Re2 Nf6 31. Ne4 Nxe4+ 32. Rxe4 Bd5 33. Rf4 f6
34. Kf2 Ke7 35. Nh4 Rd7 36. Nf5+ Kd8 37. Ne3 b6 38. Ke2 Kc7 39. g3 Re7 40. Kd3
Rd7 41. Ke2 Kd8 42. Kd3 Ba2 43. Kc3 Bb1 44. Nc4 Kc7 45. Rf3 Re7 46. Re3 Re4 47.
Rxe4 Bxe4 48. b4 axb4+ 49. Kxb4 Bf3 50. Ne3 Kd6 51. Kc3 Ke6 52. Kc4 Be2+ 53.
Kb4 Kd6 54. a4 Bf3 55. Kc4 Be2+ 56. Kb4 Bf3 57. Kc4 Kd7 58. Kb4 Be2 59. a5
bxa5+ 60. Kxa5 Kd6 61. Kb4 Bf3 62. Kc4 Be2+ 63. Kb4 Bf3 64. Kc4 Be2+ 65. Kb4
Bf3 66. Kc4 Be2+ 67. Kb4 Bf3 1/2-1/2

[Event "Olimpiada Dresden 2008 Femenina"]
[Site "Dresden GER"]
[Date "2008.11.14"]
[Round "2.39"]
[White "Fakhiridou, Ekaterini"]
[Black "Bernales, Christy Lamiel"]
[Result "1/2-1/2"]
[WhiteElo "2248"]
[BlackElo "1998"]
[PlyCount "120"]
[EventDate "2008.11.13"]
[EventType "team-tourn"]
[EventRounds "11"]
[EventCountry "GER"]
[Source "lmi"]
[SourceDate "2008.11.13"]
[WhiteTeam "Grecia"]
[BlackTeam "Filipinas"]
[WhiteTeamCountry "GRE"]
[BlackTeamCountry "PHI"]

1. e4 e6 2. d4 d5 3. exd5 exd5 4. Bd3 Bd6 5. Qf3 Ne7 6. Ne2 O-O 7. O-O Nd7 8.
Bg5 c6 9. Nd2 Qc7 10. Ng3 Ng6 11. Rfe1 Nb6 12. Ndf1 Be6 13. Nf5 Rae8 14. Nxd6
Qxd6 15. c3 Qd7 16. h3 Nc4 17. b3 Nd6 18. Ng3 f5 19. Bf4 Ne4 20. Rac1 Qe7 21.
Bf1 Qh4 22. Ne2 Ne7 23. g3 Qf6 24. Be5 Qh6 25. Nf4 Bf7 26. Nd3 g5 27. Qg2 g4
28. Bf4 Qh5 29. Ne5 Be6 30. Be2 Ng6 31. Nxg6 hxg6 32. h4 g5 33. hxg5 Nxg5 34.
Bxg5 Qxg5 35. f4 gxf3 36. Bxf3 Rf7 37. Rc2 Rg7 38. Rce2 Kf7 39. Kf2 f4 40. Re5
Qxg3+ 41. Qxg3 fxg3+ 42. Kg2 Rh7 43. Bg4 Rh6 44. R1e3 Re7 45. Rf3+ Ke8 46. Rfe3
Kd7 47. c4 Kd6 48. c5+ Kd7 49. Kxg3 Rg6 50. Rxe6 Rexe6 51. Rxe6 Rxg4+ 52. Kxg4
Kxe6 53. Kg5 b6 54. b4 bxc5 55. bxc5 Ke7 56. Kg6 Ke6 57. Kg5 Ke7 58. Kf5 Kf7
59. a3 a6 60. Kg5 Kg7 1/2-1/2

[Event "Olimpiada Dresden 2008 Femenina"]
[Site "Dresden GER"]
[Date "2008.11.14"]
[Round "2.40"]
[White "Caoili, Arianne"]
[Black "Cmilyte, Viktorija"]
[Result "0-1"]
[WhiteElo "2170"]
[BlackElo "2512"]
[PlyCount "90"]
[EventDate "2008.11.13"]
[EventType "team-tourn"]
[EventRounds "11"]
[EventCountry "GER"]
[Source "lmi"]
[SourceDate "2008.11.13"]
[WhiteTeam "Australia"]
[BlackTeam "Lituania"]
[WhiteTeamCountry "AUS"]
[BlackTeamCountry "LTU"]

1. Nf3 Nf6 2. d4 g6 3. Bf4 Bg7 4. e3 d6 5. h3 O-O 6. Be2 Nbd7 7. O-O c6 8. a4
a5 9. Nbd2 Re8 10. Bh2 e5 11. c3 e4 12. Ne1 d5 13. b4 Re6 14. Qb3 axb4 15. cxb4
Ne8 16. Nc2 f5 17. b5 Qa5 18. Nb1 Nb6 19. Nc3 Nd6 20. Nb4 Ndc4 21. Ra2 Bd7 22.
Rb1 Rc8 23. Bf1 Kh8 24. Be2 g5 25. Qd1 Rf6 26. h4 gxh4 27. Bf4 Rg8 28. Bf1 Bf8
29. Qb3 Be8 30. Bc7 Rf7 31. Bxb6 Nxb6 32. bxc6 bxc6 33. Na6 Nc4 34. Bxc4 dxc4
35. Qxc4 Rfg7 36. Rab2 Rxg2+ 37. Kf1 Bf7 38. Qxf7 Qxa6+ 39. Nb5 cxb5 40. axb5
Qg6 41. Qxg6 R2xg6 42. b6 Bd6 43. b7 Bb8 44. Ke2 h3 45. Rh1 h2 0-1